|
|
|
|
| LEADER |
00768cam a2200205 7i4500 |
| 001 |
0000002734 |
| 005 |
20170218090000.0 |
| 020 |
|
|
|a 0072227869 (pbk.)
|
| 020 |
|
|
|a 9780072227864
|
| 090 |
0 |
0 |
|a QA76.9
|b .D43 2003
|
| 100 |
1 |
|
|a Dhanjani, Nitesh
|
| 245 |
1 |
0 |
|a HackNotes :
|b Linux and Unix security portable reference
|c Nitesh Dhanjani.
|
| 260 |
|
|
|a New York:
|b McGraw-Hill/Osborn,
|c 2003.
|
| 300 |
|
|
|a xxii, 198 p.:
|b ill.;
|c 23 cm.
|
| 500 |
|
|
|a Includes index
|
| 650 |
0 |
0 |
|a Computer security
|
| 997 |
|
|
|a Communication, Visual Art & Computing, Faculty
|b Computing, Department
|
| 999 |
|
|
|a 0000009730
|b BOK
|c OPEN SHELF
|e 1st Floor, Bestari Jaya
|
| 999 |
|
|
|a 0000023031
|b BOK
|c OPEN SHELF
|e 2nd Floor, Bestari Jaya
|
| 999 |
|
|
|a 0000023118
|b BOK
|c OPEN SHELF
|e 2nd Floor, Bestari Jaya
|